Życie Aleksandra Wielkiego - Statystyki

Ogólne statystyki
  • Ten quiz został rozwiązany 712 razy
    695 od ostatniego zresetowania
  • Średni wynik to 11 z 17
Statystyki odpowiedzi
Wskazówka Odpowiedź % Poprawnych
Aleksander był królem tego greckiego królestwa Macedonia
93%
Założył dwadzieścia różnych miast o tej nazwie Aleksandria
89%
Nigdy nie próbował podbić tego greckiego miasta-państwa Sparta
82%
Podbił to imperium Imperium Achemenidów (Persja)
76%
Słynny filozof, który był nauczycielem Aleksandra Arystoteles
75%
Jego armia odmówiła dalszego marszu po dotarciu do tego współczesnego kraju Indie
74%
Grecka formacja wojskowa, której używał Falanga
70%
Porównał siebie do tego bohatera Iliady Achilles
68%
Jego przyjaciel Ptolemeusz założył dynastię, która rządziła tym krajem Egipt
68%
Ojciec Aleksandra Filip II Macedoński
68%
Zamiast próbować rozwiązać ten węzeł, przeciął go mieczem Węzeł {gordyjski}
68%
Termin określający rozprzestrzenianie się kultury greckiej na terenach podbitych przez Aleksandra {Hellen}izacja
63%
Koń Aleksandra (również nazwa miasta) Bucefał
56%
Zmarł w tej starożytnej stolicy niedaleko współczesnego Bagdadu Babilon
55%
Ale Aleksander twierdził, że jego ojciec był w rzeczywistości… Zeusem (Amunem)
53%
Jego ostatnie słowa (kiedy zapytano, do kogo powinno trafić jego imperium) Do {najsilniejszego}
19%
Jego najbliższy przyjaciel i możliwy kochanek Hefajstion
16%
Nie znaleziono quizów pasujących do podanych kryteriów
Rozkład punktacji
Procent ludzi z każdym wynikiem
Percentyl według liczby udzielonych odpowiedzi
Twoja historia wyników
Nie rozwiązałeś tego quizu od ostatniego zresetowania